LIBRARY & INFORMATION CENTRE, KCAET, TAVANUR

ONLINE PUBLIC ACCESS CATALOGUE (OPAC)

Calculus Early TranscendentaLs / (Record no. 13278)

MARC details
000 -LEADER
fixed length control field 00370cam a2200145ua 4500
020 ## - INTERNATIONAL STANDARD BOOK NUMBER
ISBN 9788131521052
082 ## - DEWEY DECIMAL CLASSIFICATION NUMBER
Classification number 515.1
Item number STE/CA
100 ## - MAIN ENTRY--AUTHOR NAME
Personal name Stewart , James .
245 ## - TITLE STATEMENT
Title Calculus Early TranscendentaLs /
250 ## - EDITION STATEMENT
Edition statement 5 / 7
260 ## - PUBLICATION, DISTRIBUTION, ETC. (IMPRINT)
Place of publication Delhi
Name of publisher Thomson , Cengage Learning
Year of publication 2012
300 ## - PHYSICAL DESCRIPTION
Number of Pages 1170, A1 to A146
500 ## - GENERAL NOTE
General note Metrics version<br/>
942 ## - ADDED ENTRY ELEMENTS (KOHA)
Koha item type Books
Holdings
Withdrawn status Lost status Damaged status Home library Current library Date acquired Full call number Accession Number Koha item type Collection code Shelving location Source of acquisition Cost, normal purchase price
      KAUAET KAUAET 07/04/2012 515.1 21509 Books        
      KAUAET KAUAET 27/08/2016 515.1 STE/CA BB 371 Book Bank scheme for SC students   Scheme Dream Tech Publishers & Book Sellers, Thiruvanathapuram. 595.00
free website counter